Countries that Have Held a World Record in Mario Kart Wii - Statistics

General Stats
  • This quiz has been taken 98 times
  • The average score is 15 of 22
Answer Stats
# of Records Most Prolific Player Country % Correct
713 Brendan United States
100%
1006 Nobuo Japan
96%
399 Sword United Kingdom
94%
172 Cole Canada
88%
151 Totom France
88%
69 Maschell Germany
87%
68 Yavieron Spain
83%
19 G-Danzee Italy
79%
22 Frostbeule Sweden
79%
24 Ryan Australia
76%
78 Fox Norway
74%
1 Moritz Brazil
73%
113 Alvin Netherlands
65%
2 Alex Finland
64%
5 Suzie Ireland
64%
1 Bob Denmark
63%
12 Olifré Belgium
60%
1 Ghost Austria
56%
9 Simpsons Switzerland
55%
5 Dragon Chile
37%
7 Lu-G Venezuela
19%
13 RockyLight Panama
15%
No matching quizzes found
Score Distribution
Percent of People with Each Score
Percentile by Number Answered
Your Score History
You have not taken this quiz